000 00360 a2200157 4500
001 153290
040 _cEscola São Tomás de Aquino
100 _aANDRADE, Carlos Drummond de
240 1 0 _aVó caiu na piscina
_lpor
245 1 0 _aVó caiu na piscina
300 _a47
362 0 _a2002
440 1 _aRecord
697 _a*LITERATURA INFANTO
942 _cBK
999 _c153290
_d153290